Province d'Italia per regione - Statistics

Statistiche generali
  • Questo quiz è stato fatto 334 volte
  • Il punteggio medio è 84 su 107
Statistiche sulle risposte
REGIONE PROVINCIA % Corretto
Sicilia Palermo
95%
Sicilia Catania
93%
Campania Napoli
92%
Sardegna Cagliari
91%
Puglia Bari
90%
Toscana Firenze
90%
Liguria Genova
90%
Lazio Roma
90%
Piemonte Torino
90%
Veneto Venezia
90%
Valle d'Aosta Aosta
89%
Molise Campobasso
89%
Lombardia Milano
89%
Umbria Perugia
89%
Calabria Reggio Calabria
89%
Trentino - Alto Adige Trento
89%
Puglia Barletta Andria Trani
88%
Emilia - Romagna Bologna
88%
Liguria La Spezia
88%
Puglia Lecce
88%
Sicilia Messina
88%
Toscana Pisa
87%
Calabria Catanzaro
86%
Sardegna Sassari
86%
Friuli Venezia Giulia Trieste
86%
Veneto Verona
86%
Trentino - Alto Adige Bolzano
85%
Sicilia Caltanissetta
85%
Sicilia Enna
85%
Abruzzo L'Aquila
85%
Basilicata Matera
85%
Basilicata Potenza
85%
Sicilia Siracusa
85%
Lombardia Bergamo
83%
Friuli Venezia Giulia Udine
83%
Lombardia Brescia
82%
Puglia Foggia
82%
Lazio Latina
82%
Sicilia Trapani
82%
Marche Ancona
81%
Liguria Imperia
81%
Emilia - Romagna Rimini
81%
Campania Salerno
81%
Sicilia Agrigento
80%
Lazio Frosinone
80%
Emilia - Romagna Parma
80%
Sicilia Ragusa
80%
Emilia - Romagna Reggio Emilia
80%
Puglia Taranto
80%
Piemonte Alessandria
79%
Calabria Cosenza
79%
Toscana Livorno
79%
Sardegna Nuoro
79%
Abruzzo Pescara
79%
Liguria Savona
79%
Calabria Vibo Valentia
79%
Lombardia Monza Brianza
78%
Veneto Padova
78%
Campania Caserta
77%
Lombardia Como
77%
Emilia - Romagna Ferrara
77%
Emilia - Romagna Modena
77%
Campania Avellino
76%
Campania Benevento
76%
Puglia Brindisi
76%
Molise Isernia
76%
Friuli Venezia Giulia Pordenone
76%
Toscana Prato
76%
Toscana Siena
76%
Piemonte Asti
75%
Lombardia Lecco
75%
Calabria Crotone
74%
Piemonte Cuneo
74%
Toscana Lucca
74%
Toscana Massa Carrara
74%
Marche Pesaro Urbino
74%
Emilia - Romagna Ravenna
74%
Umbria Terni
74%
Friuli Venezia Giulia Gorizia
73%
Piemonte Novara
73%
Toscana Grosseto
72%
Veneto Vicenza
72%
Lazio Rieti
71%
Sardegna Sud Sardegna
71%
Lazio Viterbo
70%
Piemonte Vercelli
69%
Toscana Arezzo
68%
Piemonte Biella
68%
Abruzzo Chieti
68%
Marche Macerata
68%
Lombardia Mantova
68%
Sardegna Oristano
68%
Emilia - Romagna Piacenza
68%
Lombardia Cremona
67%
Veneto Belluno
66%
Toscana Pistoia
65%
Veneto Rovigo
65%
Lombardia Sondrio
65%
Lombardia Varese
65%
Marche Ascoli Piceno
64%
Emilia - Romagna Forlì Cesena
64%
Lombardia Lodi
64%
Veneto Treviso
64%
Lombardia Pavia
62%
Abruzzo Teramo
60%
Piemonte Verbano Cusio Ossola
58%
Marche Fermo
57%
Nessun quiz corrispondente trovato
Distribuzione punteggi
Percentuale di utenti per punteggio
Percentile per numero di risposta
I tuoi punteggi nel tempo
Non hai fatto questo quiz